000 00696nam a2200253Ia 4500
003 OSt
005 20221006143921.0
006 a|||||r|||| 00| 0
007 ta
008 221006b |||||||| |||| 00| 0 eng d
020 _a0888030835
_c55.25
024 _a10,396
037 _cTextual
040 _aEASL
_cEASL
_beng
041 _2eng
_aeng
082 _aW.41.N77, L9.1
100 _aHOXHA Enver
245 0 _aReflections on China
260 _aToronto
_bNorman Beathune Institute
_c1979
300 _a784p.
_ccm.
490 _vV.1: 1962-1972: Extracts from the political diary CEL
942 _hW.41.N77, L9.1
_cTEXL
_2CC
999 _c1078482
_d1078482